El cura de Ars / (Record no. 64949)
[ view plain ]
| 000 -LEADER | |
|---|---|
| campo de control de longitud fija | 00884nam a2200217 i 4500 |
| 001 - NÚMERO DE CONTROL | |
| campo de control | 64949 |
| 003 - IDENTIFICADOR DE NÚMERO DE CONTROL | |
| campo de control | ES-MaACL |
| 005 - FECHA Y HORA DE LA ÚLTIMA TRANSACCIÓN | |
| campo de control | 20250930063058.0 |
| 007 - CAMPO FIJO DE DESCRIPCIÓN FÍSICA--INFORMACIÓN GENERAL | |
| campo de control de longitud fija | t| |
| 008 - DATOS DE LONGITUD FIJA--INFORMACIÓN GENERAL | |
| campo de control de longitud fija | 040107s1959 sp ||||1| spa d |
| 100 0# - ENTRADA PRINCIPAL--NOMBRE DE PERSONA | |
| Nombre de persona | Fourrey, René, |
| Títulos y otros términos asociados al nombre | Evêque de Belley |
| 9 (RLIN) | 52002 |
| 245 13 - MENCIÓN DEL TÍTULO | |
| Título | El cura de Ars / |
| Mención de responsabilidad, etc. | prefacio de... el Cardenal Gerlier Arzobispo de Lyon, Primado de las Galias ; texto de... Monseñor Fourrey Obispo de Belley ; biografía ilustrada por Jean Servel, O.M.I. y René Perrin ; [versión española de Fernando Gutiérrez]. |
| 260 ## - PUBLICACIÓN, DISTRIBUCIÓN, ETC. | |
| Lugar de publicación, distribución, etc. | Barcelona : |
| Nombre del editor, distribuidor, etc. | Herder, |
| Fecha de publicación, distribución, etc. | 1959 ( |
| Fabricante | Grafesa) |
| 300 ## - DESCRIPCIÓN FÍSICA | |
| Extensión | 215 p., 119 lám. ; |
| Dimensiones | 24 cm. |
| 700 1# - ENTRADA AGREGADA--NOMBRE PERSONAL | |
| Nombre de persona | Gerlier, Pierre Marie. |
| 9 (RLIN) | 56460 |
| 700 1# - ENTRADA AGREGADA--NOMBRE PERSONAL | |
| Nombre de persona | Servel, Jean. |
| 9 (RLIN) | 105860 |
| 700 1# - ENTRADA AGREGADA--NOMBRE PERSONAL | |
| Nombre de persona | Perrin, René. |
| 9 (RLIN) | 91365 |
| 700 1# - ENTRADA AGREGADA--NOMBRE PERSONAL | |
| Nombre de persona | Gutiérrez, Fernando, |
| Fechas asociadas al nombre | 1911-1984 |
| 9 (RLIN) | 156260 |
| 852 ## - LOCALIZACIÓN | |
| Ubicación | ES-MaACL |
| Número de control de estantería | C-12541 |
| Sublocalización o colección | R.44599 |
| Estatus retirado | Estado de pérdida | Estado de daño | No para préstamo | Biblioteca de origen | Biblioteca actual | Ubicación en estantería | Fecha de adquisición | Fuente de adquisición | Total de préstamos | Signatura topográfica completa | Código de barras | Visto por última vez | Precio de reemplazo | Tipo de ítem Koha |
|---|---|---|---|---|---|---|---|---|---|---|---|---|---|---|
| Biblioteca del Ateneo de Madrid | Biblioteca del Ateneo de Madrid | Sala Palomar | 17/01/2008 | C-12541 | 1068052 | 23/02/2023 | 23/02/2023 | Libro impreso |
